000 01059nmm a2200349 a 4500
003 AR-BaBNM
005 20251128211706.0
008 095020s2005 ||||||||||||||000 | spa||
040 _cAR-BaBNM
100 1 _aSartelli, Eduardo
110 1 _aAsamblea Popular Plaza Congreso
245 1 0 _aLa plaza es nuestra
_bel argentinazo a la luz de la lucha de la clase obrera en la Argentina del siglo XX
260 _aBuenos Aires
_bEdiciones Razón y Revolución
_c2005
300 0 _a235 p.
650 4 _aHISTORIA ARGENTINA
650 4 _aMOVIMIENTO OBRERO
650 4 _aMOVIMIENTOS POLITICOS
650 4 _aPODER POLITICO
650 4 _aCORDOBAZO
650 4 _aLUCHAS SOCIALES
650 4 _aCRISIS POLITICAS
650 4 _aSOCIOLOGIA POLITICA
653 0 _aPERONISMO
653 0 _aCACEROLAZO
700 1 _aPitrola, Néstor
_ecolaborador
700 1 _aLista, Nicolás
_ecolaborador
700 1 _aHuperman, Oscar
_ecolaborador
700 1 _aBitto, Antonio
_ecolaborador
700 1 _aOviedo, Luis
_ecolaborador
942 _cBK
998 _cmariana
999 _c20733
_d20733